000 00789cam a22002415a 4500
999 _c26524
_d26496
005 20190525141302.0
008 030401t2004 enka frb 001 0 eng d
020 _a0131212761
020 _a9780131212763
040 _aDLC
_beng
_cDLC
_dUk
_dEG-ScBUE
_dEG-ScBUE
082 0 4 _a658.8
_bKOT
_222
100 1 _aKotler, Philip.
245 1 0 _aPrinciples of marketing /
_cPhilip Kotler, Gary Armstrong.
250 _a10th ed, International ed.
260 _aUpper Saddle River, NJ :
_bPearson / Prentice Hall,
_cc.2004.
300 _a1 v. (various pagings) :
_bill. (some col.) ;
_c28 cm.
504 _aIncludes bibliographical references and index.
650 7 _aMarketing.
_2BUEsh
651 _2BUEsh
653 _bCOMAME
_cApril2018
700 1 _aArmstrong, Gary
_q(Gary M.)
942 _2ddc